logo

Bir Sreshtho Munshi Abdur Rouf Library
Jhenaidah Cadet College

Favorite Animal Stories / (Record no. 4764)

MARC details
000 -LEADER
fixed length control field 00550nam a2200217 a 4500
001 - CONTROL NUMBER
JCCL Control Number 4764
003 - CONTROL NUMBER IDENTIFIER
JCCL marc code BD-JhCC
005 - DATE AND TIME OF LATEST TRANSACTION
control field 20171203163031.0
008 - FIXED-LENGTH DATA ELEMENTS--GENERAL INFORMATION
fixed length control field 171203s1954 us a|||| ||a| 001 0 eng d
035 ## - SYSTEM CONTROL NUMBER
system control number (BD-JhCC)4764
040 ## - CATALOGING SOURCE
Original cataloging agency BD-JhCC
Modifying agency BD-JhCC
041 ## - LANGUAGE CODE
Language code of Book eng
082 ## - DEWEY DECIMAL CLASSIFICATION NUMBER
Classification number 591.508
Author mark and Year BAR 1954
100 ## - MAIN ENTRY--PERSONAL NAME
Personal name Barrows, Marjorie
245 ## - TITLE STATEMENT
Title Favorite Animal Stories /
Statement of responsibility, etc Marjorie Barrows
260 ## - PUBLICATION, DISTRIBUTION, ETC. (IMPRINT)
Place of publication, distribution, etc Chicago :
Name of publisher, distributor, etc The Spencer Press Inc,
Date of publication, distribution, etc 1954.
300 ## - PHYSICAL DESCRIPTION
Pagination 371 p. :
Other physical details illu;
Dimensions 23 cm.
650 ## - SUBJECT ADDED ENTRY--TOPICAL TERM
Topical term or geographic name as entry element Animal
942 ## - ADDED ENTRY ELEMENTS (KOHA)
Source of classification or shelving scheme Dewey Decimal Classification
Koha item type Books
Holdings
Source of classification or shelving scheme Damaged status Not for loan Home library Current library Shelving location Date of accession Total Checkouts Full call number Barcode Date last seen Copy number Koha item type
Dewey Decimal Classification     JCC Rouf Library JCC Rouf Library General Stacks 12/03/2017   591.508 BAR 1954 5797 12/03/2017 C- 1 Books

JCC Library | Contacts | JCC Home

Last Update on 23 September 2017
Copyright @ 2017-2020 JCC Rouf Library
Rouf Library, Jhenidah Cadet College (JCC), Bangladesh